<?xml version="1.0" encoding="UTF-8"?><?xml-stylesheet type="text/xsl" href="static/style.xsl"?><OAI-PMH xmlns="http://www.openarchives.org/OAI/2.0/" xmlns:xsi="http://www.w3.org/2001/XMLSchema-instance" xsi:schemaLocation="http://www.openarchives.org/OAI/2.0/ http://www.openarchives.org/OAI/2.0/OAI-PMH.xsd"><responseDate>2026-04-17T06:14:46Z</responseDate><request verb="GetRecord" identifier="oai:www.recercat.cat:2445/182480" metadataPrefix="marc">https://recercat.cat/oai/request</request><GetRecord><record><header><identifier>oai:recercat.cat:2445/182480</identifier><datestamp>2025-11-20T14:08:18Z</datestamp><setSpec>com_2072_1057</setSpec><setSpec>col_2072_478819</setSpec><setSpec>col_2072_478917</setSpec></header><metadata><record xmlns="http://www.loc.gov/MARC21/slim" xmlns:dcterms="http://purl.org/dc/terms/" xmlns:xsi="http://www.w3.org/2001/XMLSchema-instance" xmlns:doc="http://www.lyncode.com/xoai" xsi:schemaLocation="http://www.loc.gov/MARC21/slim http://www.loc.gov/standards/marcxml/schema/MARC21slim.xsd">
   <leader>00925njm 22002777a 4500</leader>
   <datafield ind2=" " ind1=" " tag="042">
      <subfield code="a">dc</subfield>
   </datafield>
   <datafield ind2=" " ind1=" " tag="720">
      <subfield code="a">Dobry, Edgardo, 1962-</subfield>
      <subfield code="e">author</subfield>
   </datafield>
   <datafield ind2=" " ind1=" " tag="260">
      <subfield code="c">2022-01-19T18:11:10Z</subfield>
   </datafield>
   <datafield ind2=" " ind1=" " tag="260">
      <subfield code="c">2022-01-19T18:11:10Z</subfield>
   </datafield>
   <datafield ind2=" " ind1=" " tag="260">
      <subfield code="c">2021-06-27</subfield>
   </datafield>
   <datafield ind2=" " ind1=" " tag="260">
      <subfield code="c">2022-01-19T18:11:10Z</subfield>
   </datafield>
   <datafield ind2=" " ind1=" " tag="520">
      <subfield code="a">Bajo un nombre semejante -estudios sobre poética-, encontramos, en los últimos cincuenta años, producciones con procedimientos e intenciones diversas. Por un lado, el estudio del lenguaje poético o de lo poético del lenguaje, que deriva de Jakobson y atraviesa el estructuralismo (Lévi-Strauss) y el postestructuralismo (Derrida, Paul de Man). En segundo lugar, y en contra del carácter inmanentista del anterior, la lectura del poema como manifestación del desamparo de los tiempos modernos, y que toma como consigna un pasaje de Hölderlin: '¿Para qué poetas en tiempos de angustia?'. Heidegger, seguido por Agamben, Badiou, Rancière y Lacoue-Labarthe, están en esa línea. Por último, la disciplina que estudia la poesía como género específico, en sus tradiciones y renovaciones concretas, como T.S. Eliot y W.H. Auden. El presente artículo se pregunta en qué medida esas líneas son útiles para quien, en la actualidad, quiera pensar en la poesía.</subfield>
   </datafield>
   <datafield tag="653" ind2=" " ind1=" ">
      <subfield code="a">Poesia contemporània</subfield>
   </datafield>
   <datafield tag="653" ind2=" " ind1=" ">
      <subfield code="a">Postestructuralisme</subfield>
   </datafield>
   <datafield tag="653" ind2=" " ind1=" ">
      <subfield code="a">Crítica literària</subfield>
   </datafield>
   <datafield tag="653" ind2=" " ind1=" ">
      <subfield code="a">Modern poetry (19th-21st century)</subfield>
   </datafield>
   <datafield tag="653" ind2=" " ind1=" ">
      <subfield code="a">Poststructuralism</subfield>
   </datafield>
   <datafield tag="653" ind2=" " ind1=" ">
      <subfield code="a">Literary criticism</subfield>
   </datafield>
   <datafield ind2="0" ind1="0" tag="245">
      <subfield code="a">Pensar en poesía</subfield>
   </datafield>
</record></metadata></record></GetRecord></OAI-PMH>